000 00416nam a2200145Ia 4500
008 230917s9999||||xx |||||||||||||| ||und||
040 _e172953
_aMAIN
041 _aEnglish
082 _a891.431741 AD14S
100 _aअवस्थी, धनंजय
245 0 _aशबरी
260 _aइलाहाबाद
_bस्मृति प्रकाशन
_c1981
300 _a111 पृ. p.
942 _cHN
999 _c216802
_d216802